| 000 | 00940nam a2200265 i 4500 | ||
|---|---|---|---|
| 001 | 15182 | ||
| 003 | ES-MaACL | ||
| 005 | 20250816045522.0 | ||
| 007 | t| | ||
| 008 | 000114s1996 sp a |||| | spa d | ||
| 020 | _a84-87156-01-0 | ||
| 080 | _a73.06(460):069.538(460.27 M.) | ||
| 080 | _a74.036(460):069.538(460.27 M.) | ||
| 110 | 2 |
_aInstituto de Crédito Oficial (España) _94850 |
|
| 245 | 1 | 4 |
_aUna colección de escultura moderna española con dibujo : _bcolecciones I.C.O. |
| 250 | _a3ª ed., corr. y amp. | ||
| 260 |
_aMadrid : _bI.C.O., _c1996. |
||
| 300 |
_a229 p. : _bil. col. ; _c30 cm. |
||
| 546 | _aTexto es español y traducción en inglés. | ||
| 610 | 2 | 4 |
_aInstituto de Crédito Oficial (España)- _xColecciones de arte. _94851 |
| 650 | 7 |
_aEscultura española- _vCatálogos _2 _9169703 |
|
| 650 | 4 |
_aDibujo español- _yS.XX- _vCatálogos. _9173657 |
|
| 852 |
_aES-MaACL _jL-22373 |
||
| 999 |
_c15182 _d15182 |
||